Normal view
MARC view
- INDUSTRIAL ENGINEERING PRODUCTION CONTROL
Entry Topical Term
001 - CONTROL NUMBER
- control field: 79812
003 - CONTROL NUMBER IDENTIFIER
- control field: NUST
005 - DATE AND TIME OF LATEST TRANSACTION
- control field: 20210628210527.0
008 - FIXED-LENGTH DATA ELEMENTS
- fixed length control field: 210628|| aca||aabn | a|a d
040 ## - CATALOGING SOURCE
- Original cataloging agency: NUST
- Transcribing agency: NUST
150 ## - HEADING--TOPICAL TERM
- Topical term or geographic name entry element: INDUSTRIAL ENGINEERING PRODUCTION CONTROL
670 ## - SOURCE DATA FOUND
- Source citation: Work cat.: (NUST): BOUCHER, THOMAS.Q ,ELSAYED, ELSAYED.A 79811, ANALYSIS AND CONTROL OF PRODUCTION SYSTEMS, 1985
